MARC

LEADER 00000nam0a2200000 4500
001 261919
005 20231101233615.0
020 |a RU  |b 86-19223 
035 |a (RuTPU)RU\TPU\book\284901 
090 |a 261919 
100 |a 20140528d1986 k y0rusy5003 ca 
101 0 |a rus 
102 |a RU 
105 |a a z 001zy 
200 1 |a Философские проблемы гипотезы сверхсветовых скоростей  |e сборник статей  |f Академия наук СССР (АН СССР), Институт философии (ИФ) ; отв ред. Ю. Б. Молчанов 
210 |a Москва  |c Наука  |d 1986 
215 |a 158 с.  |c ил.  |d 22 см 
320 |a Библиогр. в конце ст. 
320 |a Библиогр. лит. по сверхсветовым частицам : с. 96-157 (779 назв.). 
606 1 |a Свет  |x Распространение  |2 stltpush  |3 (RuTPU)RU\TPU\subj\54131  |9 72291 
606 1 |a Относительности теория  |2 stltpush  |3 (RuTPU)RU\TPU\subj\47735  |9 66647 
610 1 |a философские проблемы 
610 1 |a принцип причинности 
610 1 |a сверхсветовые скорости 
610 1 |a тахионы 
675 |a 535.22  |v 3 
675 |a 530.12  |v 3 
702 1 |a Молчанов  |b Ю. Б.  |4 340 
712 0 2 |a Академия наук СССР (АН СССР)  |b Институт философии (ИФ)  |2 stltpush  |3 (RuTPU)RU\TPU\col\11338 
801 0 |a RU  |b RuMRKP  |c 19960704  |g psbo 
801 1 |a RU  |b 63413507  |c 20140528 
801 2 |a RU  |b 63413507  |c 20140530  |g RCR 
942 |c BK